00785cam a22002291 450000100060000000300080000600500170001400800390003103500190007003500190008904000220010804100080013008200220013810000290016024500560018926000360024530000290028165100510031094200120036199900170037395201650039027303BD-RjUL20211209051134.0140324s1956 xx 000 0 eng a(BD-RjUL)27375 a(OCoLC)1453923 aDLCcFMdDLCbeng aeng a940.542bCAS 19561 aCampbell, Arthur.98381514aThe siege :ba story from Kohima /cArthur Campbell aLondon :bAllen & Unwin,cc1956 a211 p. :bill. ;c23 cm. 0aKohima, Battle of, Kohima, India, 1944.983816 2ddccBK c27303d27303 00102ddc40728NFICaRUCLbRUCLcReadingd1956-09-12epak American commiercial , karachig10.30l0o940.542 CAS 1956r2014-03-24 00:00:00tC-1w2014-03-24yBK